| 000 | 00700cam a2200169 4500 | ||
|---|---|---|---|
| 001 | WS111037 | ||
| 008 | 111014n2011 000 0 eng u | ||
| 035 | _a(Sirsi) u111037 | ||
| 110 | _aBasement Information Centre | ||
| 245 |
_aBasement information centre _h[electronic resource] |
||
| 520 | _aWebsite for this national centre for information about the development and use of basements in new or existing dwellings; includes virtual tours of different uses of basements. | ||
| 650 | _aORGANISATION | ||
| 650 | 0 | _aBASEMENTS | |
| 690 | _aBUILT ENVIRONMENT-CONSTRUCTION DESIGN | ||
| 856 | 4 | 0 |
_uhttps://www.basements.org.uk _zView the website free of charge at www.basements.org.uk... |
| 942 | _n0 | ||
| 999 |
_c119809 _d119809 |
||